| 000 | 00394 a2200157 4500 | ||
|---|---|---|---|
| 001 | 73345 | ||
| 020 | _a8502040294 | ||
| 040 | _cAnchieta - Colégio São Paulo | ||
| 100 | _aLopes, Sônia | ||
| 240 | 1 | 0 |
_aBio: genética, evolução e ecologia _lpor |
| 245 | 1 | 0 | _aBio: genética, evolução e ecologia |
| 300 | _a415 | ||
| 362 | 0 | _a2002 | |
| 650 | 4 | _aCiência da vida - Biologia | |
| 942 | _cBK | ||
| 999 |
_c73345 _d73345 |
||